[Event "ENCI Limburg-open B"]
[Site "Maastricht"]
[Date "2009.05.30"]
[Round "3"]
[White "Brecker, Hans Joerg"]
[Black "Schmitz, Martin"]
[Result "0-1"]
[WhiteElo "1893"]
[BlackElo "1838"]
[PlyCount "64"]
[EventDate "2009.05.29"]
[EventType "swiss"]
[EventRounds "7"]
[EventCountry "NED"]
[Source "P.Boonen"]
[SourceDate "2010.01.01"]

1. d4 Nf6 2. c4 g6 3. Nc3 d5 4. Bf4 Nc6 5. e3 Bg7 6. Nb5 e5 7. dxe5 Nh5 8. Be2
Nxf4 9. exf4 a6 10. Nc3 d4 11. Nd5 Ne7 12. Qxd4 Nf5 13. Qc5 c6 14. Nf6+ Bxf6
15. exf6 Qxf6 16. O-O-O Ne7 17. Qe5 Qxe5 18. fxe5 Be6 19. Nf3 O-O 20. Ng5 Bf5
21. g4 Bc8 22. Ne4 b5 23. f4 Kg7 24. Nf6 Be6 25. b3 bxc4 26. bxc4 Ng8 27. g5
Rab8 28. Kc2 Rb4 29. Rb1 Bf5+ 30. Bd3 Rxc4+ 31. Kd2 Rd4 32. Rb3 Rfd8 0-1

[Event "ENCI Limburg-open B"]
[Site "Maastricht"]
[Date "2009.05.30"]
[Round "3"]
[White "Breest, Axel"]
[Black "Sewalt, Vincent"]
[Result "1/2-1/2"]
[WhiteElo "1818"]
[BlackElo "1954"]
[PlyCount "31"]
[EventDate "2009.05.29"]
[EventType "swiss"]
[EventRounds "7"]
[EventCountry "NED"]
[Source "P.Boonen"]
[SourceDate "2010.01.01"]

1. e4 c5 2. a3 Nc6 3. b4 a6 4. f4 e5 5. Nf3 Nf6 6. Nc3 cxb4 7. axb4 Bxb4 8.
fxe5 Ng4 9. Nd5 Be7 10. d4 d6 11. Nxe7 Nxe7 12. Bb5+ Bd7 13. Bxd7+ Qxd7 14.
exd6 Qxd6 15. Ba3 Qf4 16. Qe2 1/2-1/2

[Event "ENCI Limburg-open B"]
[Site "Maastricht"]
[Date "2009.05.30"]
[Round "3"]
[White "Broekmeulen, Joris"]
[Black "Smit, Melvin"]
[Result "1/2-1/2"]
[WhiteElo "1931"]
[BlackElo "1812"]
[PlyCount "79"]
[EventDate "2009.05.29"]
[EventType "swiss"]
[EventRounds "7"]
[EventCountry "NED"]
[Source "P.Boonen"]
[SourceDate "2010.01.01"]

1. e4 d5 2. exd5 Qxd5 3. Nc3 Qd6 4. Nf3 Nf6 5. h3 a6 6. Be2 e5 7. d3 Be7 8. Bg5
Nc6 9. O-O O-O 10. Re1 Bf5 11. Bf1 Rfe8 12. Bh4 Nd7 13. Bxe7 Rxe7 14. Nd2 Nf6
15. Nde4 Nxe4 16. Nxe4 Qd5 17. c3 Rd8 18. Qf3 Bg6 19. Qd1 f5 20. Nd2 Qf7 21.
Qb3 Qxb3 22. Nxb3 b6 23. d4 exd4 24. Rxe7 Nxe7 25. Nxd4 a5 26. Re1 Nc8 27. Bc4+
Kh8 28. Kf1 Nd6 29. Nc6 Re8 30. Ne7 Ne4 31. Nxg6+ hxg6 32. Rd1 Nd6 33. Bb3 g5
34. Re1 Ne4 35. Re2 Nd6 36. Rxe8+ Nxe8 37. Ke2 Nd6 38. Bd5 Kh7 39. Kd3 Kg6 40.
Kd4 1/2-1/2

[Event "ENCI Limburg-open B"]
[Site "Maastricht"]
[Date "2009.05.30"]
[Round "3"]
[White "Bruls, Peter"]
[Black "Spoelstra, Henri"]
[Result "1-0"]
[WhiteElo "1837"]
[BlackElo "1717"]
[PlyCount "101"]
[EventDate "2009.05.29"]
[EventType "swiss"]
[EventRounds "7"]
[EventCountry "NED"]
[Source "P.Boonen"]
[SourceDate "2010.01.01"]

1. c4 Nf6 2. g3 g6 3. Bg2 Bg7 4. Nc3 d6 5. e4 Nbd7 6. Nge2 c6 7. O-O O-O 8. d4
Rb8 9. b3 b5 10. cxb5 cxb5 11. Bb2 Qb6 12. Qd2 Bb7 13. Kh1 a6 14. f3 Rfd8 15.
Rfd1 Ne8 16. Rac1 Nef6 17. Rc2 Rbc8 18. Rdc1 Qa5 19. Nd5 Qxd2 20. Nxf6+ Bxf6
21. Rxd2 Rxc1+ 22. Nxc1 Rc8 23. Nd3 Rc7 24. Bh3 Nf8 25. Kg1 h6 26. Kf2 Nh7 27.
Bg2 Ng5 28. h4 Ne6 29. Ke3 Bg7 30. Bh3 Nd8 31. f4 h5 32. e5 a5 33. Nf2 Bc8 34.
Bf1 b4 35. Bc4 Bb7 36. d5 Bc8 37. Bd4 dxe5 38. Bxe5 Ra7 39. Ne4 Nb7 40. Bb5 Bf5
41. Bc6 Bxe4 42. Kxe4 Nd6+ 43. Kf3 Kf8 44. Re2 Kg8 45. g4 Kh7 46. Rg2 hxg4+ 47.
Rxg4 Nf5 48. h5 gxh5 49. Rg5 f6 50. Rxh5+ Kg6 51. Be8# 1-0

[Event "ENCI Limburg-open B"]
[Site "Maastricht"]
[Date "2009.05.30"]
[Round "3"]
[White "Dalemans, Diana"]
[Black "Probst, Patrick"]
[Result "1/2-1/2"]
[WhiteElo "1852"]
[BlackElo "1985"]
[PlyCount "65"]
[EventDate "2009.05.29"]
[EventType "swiss"]
[EventRounds "7"]
[EventCountry "NED"]
[Source "P.Boonen"]
[SourceDate "2010.01.01"]

1. e4 e5 2. Nf3 Nc6 3. d4 d6 4. Nc3 Bg4 5. d5 Nce7 6. Be2 Nf6 7. Be3 c6 8. h3
Bc8 9. Qd2 Qa5 10. Rd1 cxd5 11. exd5 Nf5 12. Bb5+ Nd7 13. O-O Nxe3 14. fxe3 Be7
15. e4 O-O 16. Kh2 Nf6 17. Bd3 Nh5 18. Ne2 Qxd2 19. Rxd2 g6 20. g4 Ng7 21. Ng3
f6 22. c4 Bd7 23. b4 Rfc8 24. Rc1 Rc7 25. Rdc2 Rac8 26. Nd2 b6 27. Nb3 Ba4 28.
Kg2 Ne8 29. Nf1 Bf8 30. Nfd2 Bh6 31. Kf2 Bf4 32. Ke2 g5 33. Kf2 1/2-1/2

[Event "ENCI Limburg-open B"]
[Site "Maastricht"]
[Date "2009.05.30"]
[Round "3"]
[White "De Ridder, Dieter"]
[Black "Whitmire, James David"]
[Result "1-0"]
[WhiteElo "1882"]
[BlackElo "1831"]
[PlyCount "65"]
[EventDate "2009.05.29"]
[EventType "swiss"]
[EventRounds "7"]
[EventCountry "NED"]
[Source "P.Boonen"]
[SourceDate "2010.01.01"]

1. e4 c5 2. Nf3 d6 3. d4 cxd4 4. Nxd4 Nf6 5. Nc3 a6 6. Bg5 e6 7. f4 Be7 8. Qf3
Qc7 9. O-O-O Nbd7 10. g4 b5 11. Bxf6 Nxf6 12. g5 Nd7 13. f5 Nc5 14. f6 gxf6 15.
gxf6 Bf8 16. Rg1 b4 17. Nd5 exd5 18. exd5 Nd7 19. Nc6 Ne5 20. Nxe5 dxe5 21. d6
Bb7 22. dxc7 Bxf3 23. Bh3 Bxd1 24. Rxd1 Bh6+ 25. Kb1 O-O 26. Bf5 Kh8 27. c3
bxc3 28. bxc3 Bg5 29. Rd6 Bf4 30. Rc6 Rac8 31. Bxc8 e4 32. Bxa6 Bxc7 33. Rxc7
1-0

[Event "ENCI Limburg-open B"]
[Site "Maastricht"]
[Date "2009.05.30"]
[Round "3"]
[White "De Wit, Albert"]
[Black "Smits, Benjamin"]
[Result "0-1"]
[WhiteElo "1792"]
[BlackElo "1950"]
[PlyCount "70"]
[EventDate "2009.05.29"]
[EventType "swiss"]
[EventRounds "7"]
[EventCountry "NED"]
[Source "P.Boonen"]
[SourceDate "2010.01.01"]

1. e4 c5 2. Ne2 Nc6 3. d3 g6 4. g3 Bg7 5. Bg2 e6 6. O-O Nge7 7. c3 O-O 8. Be3
d6 9. Qd2 Rb8 10. Bh6 b5 11. Bxg7 Kxg7 12. Na3 Qb6 13. f4 d5 14. g4 dxe4 15.
dxe4 Ng8 16. f5 exf5 17. exf5 Ne5 18. Rf4 Bb7 19. Ng3 Rbd8 20. Qe2 Nd3 21. Bxb7
Nxf4 22. Qe5+ f6 23. Qxf4 Qxb7 24. g5 Rd3 25. Rf1 a6 26. Ne4 Qe7 27. Qh4 fxg5
28. Nxg5 Kh8 29. fxg6 Rxf1+ 30. Kxf1 Rd1+ 31. Kg2 Qe2+ 32. Qf2 Qg4+ 33. Qg3
Rd2+ 34. Kh1 Qxg3 35. hxg3 hxg6 0-1

[Event "ENCI Limburg-open B"]
[Site "Maastricht"]
[Date "2009.05.30"]
[Round "3"]
[White "Debusschere, Helmuth"]
[Black "Bieberle, Gerhardt"]
[Result "1-0"]
[WhiteElo "1824"]
[BlackElo "1742"]
[PlyCount "117"]
[EventDate "2009.05.29"]
[EventType "swiss"]
[EventRounds "7"]
[EventCountry "NED"]
[Source "P.Boonen"]
[SourceDate "2010.01.01"]

1. e4 g6 2. Bc4 e6 3. Nc3 Bg7 4. Nge2 Ne7 5. Bb3 O-O 6. d4 b6 7. O-O Bb7 8. Be3
d6 9. Qd2 Nbc6 10. Rad1 Na5 11. Nc1 Nxb3 12. Nxb3 Qe8 13. Rfe1 a5 14. a4 Bc6
15. Ra1 Rd8 16. f3 f5 17. d5 exd5 18. exd5 Bxc3 19. bxc3 Bb7 20. c4 Qf7 21. Bg5
Rde8 22. Nd4 Nxd5 23. cxd5 Bxd5 24. Bh6 Rxe1+ 25. Rxe1 Rd8 26. Qe3 c5 27. Nb5
Bc6 28. Qe7 Rd7 29. Qe8+ Qxe8 30. Rxe8+ Kf7 31. Rb8 Bxb5 32. axb5 Ke6 33. Rxb6
Kd5 34. Ra6 Rb7 35. Rxa5 Kc4 36. Kf1 Kc3 37. Ke2 Kxc2 38. Ra6 Rxb5 39. Rxd6 c4
40. Rd2+ Kb3 41. Rd7 Kc2 42. Rxh7 Re5+ 43. Kf2 Re6 44. h4 c3 45. Rc7 Kd3 46.
Rd7+ Kc4 47. Rc7+ Kd3 48. Bg7 c2 49. Bh6 Ra6 50. Kg3 Rb6 51. Kh3 Re6 52. g4 Rb6
53. gxf5 gxf5 54. Bg5 Rb4 55. Rc5 Rb2 56. Rxf5 Ke2 57. Kg3 Rb3 58. Re5+ Kd1 59.
Rc5 1-0

[Event "ENCI Limburg-open B"]
[Site "Maastricht"]
[Date "2009.05.30"]
[Round "3"]
[White "Ekat, Michael"]
[Black "Taverniers, Peter"]
[Result "1-0"]
[WhiteElo "1930"]
[BlackElo "1792"]
[PlyCount "29"]
[EventDate "2009.05.29"]
[EventType "swiss"]
[EventRounds "7"]
[EventCountry "NED"]
[Source "P.Boonen"]
[SourceDate "2010.01.01"]

1. e4 b6 2. d4 Bb7 3. Nc3 e6 4. Bf4 Nf6 5. f3 c5 6. Nb5 d6 7. dxc5 e5 8. cxd6
exf4 9. Nc7+ Kd7 10. e5 Ne8 11. Bb5+ Nc6 12. Nxa8 Bxa8 13. Qd5 Qh4+ 14. Kf1 Qg5
15. e6+ 1-0

[Event "ENCI Limburg-open B"]
[Site "Maastricht"]
[Date "2009.05.30"]
[Round "3"]
[White "Falter, Lennart"]
[Black "Geboers, Jimmy"]
[Result "1/2-1/2"]
[WhiteElo "1829"]
[BlackElo "1950"]
[PlyCount "63"]
[EventDate "2009.05.29"]
[EventType "swiss"]
[EventRounds "7"]
[EventCountry "NED"]
[Source "P.Boonen"]
[SourceDate "2010.01.01"]

1. e4 d5 2. exd5 Qxd5 3. Nc3 Qa5 4. Nf3 Bf5 5. d4 c6 6. Bc4 e6 7. O-O Nf6 8.
Re1 Bb4 9. Bd2 O-O 10. a3 Bxc3 11. Bxc3 Qc7 12. Ne5 Nbd7 13. Qe2 Nxe5 14. dxe5
Ne4 15. Qf3 Nxc3 16. Qxc3 Rfd8 17. Rad1 Rd7 18. Rxd7 Qxd7 19. Bd3 Bxd3 20. Rd1
Rd8 21. Rxd3 Qc7 22. Qd2 Rxd3 23. Qxd3 h6 24. Qd4 c5 25. Qe4 Qd7 26. h3 Qd1+
27. Kh2 Qd5 28. Qe3 b5 29. b4 cxb4 30. axb4 Kh7 31. Qc5 Qb7 32. c3 1/2-1/2

[Event "ENCI Limburg-open B"]
[Site "Maastricht"]
[Date "2009.05.30"]
[Round "3"]
[White "Hendriks, Nicklas"]
[Black "Smeets, Wouter"]
[Result "0-1"]
[WhiteElo "1650"]
[BlackElo "1877"]
[PlyCount "70"]
[EventDate "2009.05.29"]
[EventType "swiss"]
[EventRounds "7"]
[EventCountry "NED"]
[Source "P.Boonen"]
[SourceDate "2010.01.01"]

1. e4 d5 2. exd5 Qxd5 3. Nc3 Qa5 4. d4 Nf6 5. Nf3 c6 6. Bc4 Bf5 7. O-O e6 8.
Ne5 Nbd7 9. f4 h5 10. Be3 Bb4 11. Ne2 Nxe5 12. fxe5 Ng4 13. Bg5 Be7 14. Bxe7
Ne3 15. Qc1 Nxc4 16. Ng3 Bg6 17. Qg5 Qd2 18. Rf4 Ne3 19. Nf1 Qxg2+ 20. Qxg2
Nxg2 21. Kxg2 Kxe7 22. Ne3 b5 23. c3 a5 24. a4 Rhb8 25. axb5 cxb5 26. c4 bxc4
27. Nxc4 Rb4 28. Nxa5 Rxb2+ 29. Rf2 Be4+ 30. Kg3 h4+ 31. Kf4 Rxf2+ 32. Kxe4 Rc8
33. h3 Rc3 34. Rb1 g5 35. d5 Rf4# 0-1

[Event "ENCI Limburg-open B"]
[Site "Maastricht"]
[Date "2009.05.30"]
[Round "3"]
[White "Henrichs, Wenke"]
[Black "Hauglustaine, Sander"]
[Result "1-0"]
[WhiteElo "2033"]
[BlackElo "1667"]
[PlyCount "57"]
[EventDate "2009.05.29"]
[EventType "swiss"]
[EventRounds "7"]
[EventCountry "NED"]
[Source "P.Boonen"]
[SourceDate "2010.01.01"]

1. d4 e6 2. c4 f5 3. g3 Nf6 4. Bg2 Be7 5. Nf3 O-O 6. O-O d6 7. Nc3 Bd7 8. b3 h6
9. Nh4 c6 10. Ng6 Rf7 11. Ba3 Kh7 12. Nxe7 Qxe7 13. e4 fxe4 14. Nxe4 Nxe4 15.
Bxe4+ Kh8 16. Qe2 Rf6 17. Bg2 Na6 18. Rad1 Nc7 19. f4 Rd8 20. Rfe1 Re8 21. Qd2
Bc8 22. Qa5 Na6 23. d5 c5 24. Bb2 Rff8 25. dxe6 Bxe6 26. Qd2 b6 27. Qxd6 Qxd6
28. Rxd6 Nc7 29. Be5 1-0

[Event "ENCI Limburg-open B"]
[Site "Maastricht"]
[Date "2009.05.30"]
[Round "3"]
[White "Heuts, John"]
[Black "Klein, Gernot"]
[Result "0-1"]
[WhiteElo "1747"]
[BlackElo "1891"]
[PlyCount "46"]
[EventDate "2009.05.29"]
[EventType "swiss"]
[EventRounds "7"]
[EventCountry "NED"]
[Source "P.Boonen"]
[SourceDate "2010.01.01"]

1. c4 e6 2. d4 d5 3. g3 dxc4 4. Bg2 a6 5. Nf3 Nd7 6. O-O Ngf6 7. Bg5 Be7 8.
Nbd2 b5 9. Ne5 Nxe5 10. Bxa8 Qxd4 11. Nf3 Qxb2 12. Nxe5 Qxe5 13. Bf4 Qc5 14.
Be3 Qd6 15. Qc1 O-O 16. Rd1 Qa3 17. Qc2 e5 18. Bc1 Qa5 19. a4 Be6 20. Bf3 b4
21. Bg5 b3 22. Qd2 c3 23. Qe1 Bb4 0-1

[Event "ENCI Limburg-open B"]
[Site "Maastricht"]
[Date "2009.05.30"]
[Round "3"]
[White "Hollands, Maxim"]
[Black "Swijsen, Lars"]
[Result "0-1"]
[WhiteElo "1748"]
[BlackElo "1860"]
[PlyCount "72"]
[EventDate "2009.05.29"]
[EventType "swiss"]
[EventRounds "7"]
[EventCountry "NED"]
[Source "P.Boonen"]
[SourceDate "2010.01.01"]

1. d4 Nf6 2. c4 g6 3. Nf3 Bg7 4. Nc3 O-O 5. e4 d6 6. Be2 e5 7. d5 Na6 8. Bg5 h6
9. Bh4 Qe8 10. Nd2 Nh7 11. f3 f5 12. a3 g5 13. Bf2 f4 14. b4 b6 15. Nb3 Qg6 16.
c5 g4 17. Qc2 Ng5 18. Nd2 gxf3 19. Nxf3 bxc5 20. bxc5 Nxc5 21. Bxc5 dxc5 22.
Nd2 Bh3 23. Rg1 Bxg2 24. Rxg2 f3 25. Nxf3 Rxf3 26. Bxf3 Nxf3+ 27. Kd1 Qh5 28.
Qe2 Rf8 29. Rf2 Qg6 30. Nb5 Nd4 31. Nxd4 Qg1+ 32. Qe1 Qxf2 33. Qxf2 Rxf2 34.
Nb5 Rf1+ 35. Ke2 Rxa1 36. Nxc7 Bf8 0-1

[Event "ENCI Limburg-open B"]
[Site "Maastricht"]
[Date "2009.05.30"]
[Round "3"]
[White "Holwijn, Melvin"]
[Black "Loose, Rob"]
[Result "0-1"]
[WhiteElo "2001"]
[BlackElo "1857"]
[PlyCount "108"]
[EventDate "2009.05.29"]
[EventType "swiss"]
[EventRounds "7"]
[EventCountry "NED"]
[Source "P.Boonen"]
[SourceDate "2010.01.01"]

1. d4 d5 2. c4 Nc6 3. Nf3 Bg4 4. e3 e5 5. Be2 exd4 6. exd4 Bb4+ 7. Nc3 Nf6 8.
O-O O-O 9. Bg5 dxc4 10. Bxf6 Qxf6 11. Nd5 Qd6 12. Bxc4 Bxf3 13. Qxf3 Nxd4 14.
Qe4 c5 15. Nxb4 cxb4 16. Rad1 Rad8 17. Rd3 Qf4 18. Qxf4 Ne2+ 19. Kh1 Nxf4 20.
Rxd8 Rxd8 21. g3 Ne6 22. f4 Rd2 23. Re1 Kf8 24. Re2 Rxe2 25. Bxe2 a5 26. Kg2
Ke7 27. Kf2 Nc5 28. Ke3 Na4 29. Kd2 Kd6 30. Kc2 h6 31. h4 Nc5 32. Bf3 b6 33. b3
Ne6 34. Kd3 Kc5 35. Bh5 g6 36. Bg4 Nd4 37. h5 Nb5 38. hxg6 fxg6 39. Be6 Nd6 40.
g4 b5 41. f5 gxf5 42. gxf5 Ne8 43. Ke4 Kd6 44. Kd4 Ng7 45. Bc8 Ne8 46. Bb7 Nf6
47. Bf3 h5 48. Be2 h4 49. Bf1 Nd5 50. Ke4 Nc3+ 51. Kf4 a4 52. Kg5 Ke7 53. f6+
Kf8 54. Kxh4 a3 0-1

[Event "ENCI Limburg-open B"]
[Site "Maastricht"]
[Date "2009.05.30"]
[Round "3"]
[White "Ibrahim, Ashraf"]
[Black "De Freytas, Paul"]
[Result "0-1"]
[WhiteElo "1805"]
[BlackElo "1896"]
[PlyCount "100"]
[EventDate "2009.05.29"]
[EventType "swiss"]
[EventRounds "7"]
[EventCountry "NED"]
[Source "P.Boonen"]
[SourceDate "2010.01.01"]

1. d4 g6 2. e4 Bg7 3. c4 c5 4. d5 d6 5. f4 e5 6. dxe6 fxe6 7. Nf3 Nc6 8. Be2
Nf6 9. Nc3 O-O 10. O-O a6 11. a4 Qc7 12. h3 Nh5 13. Nh2 Bd4+ 14. Rf2 Nxf4 15.
Bf3 Bxf2+ 16. Kxf2 Nd4 17. h4 Qe7 18. g3 Nh5 19. Kg2 Nxf3 20. Nxf3 e5 21. Bh6
Ng7 22. Qd3 Be6 23. Rf1 Qd7 24. Ng5 Rxf1 25. Qxf1 Rf8 26. Qd3 Kh8 27. b3 Qe7
28. Nd5 Bxd5 29. Qxd5 Rf6 30. Nh3 Qf7 31. Qd3 Ne6 32. Bg5 Nxg5 33. hxg5 Re6 34.
Qd5 Qd7 35. Nf2 Re7 36. Qd1 Qc6 37. Qd3 Qd7 38. Qd1 Qe6 39. Ng4 Rf7 40. Nh6 Rf8
41. Qd3 Kg7 42. Qd1 b6 43. Qd2 b5 44. axb5 axb5 45. Qa2 bxc4 46. bxc4 Qe7 47.
Qd2 Qb7 48. Qxd6 Qxe4+ 49. Kh3 Qh1+ 50. Kg4 Qh5# 0-1

[Event "ENCI Limburg-open B"]
[Site "Maastricht"]
[Date "2009.05.30"]
[Round "3"]
[White "Ingelaere, Frederic"]
[Black "Carcan, Stephane"]
[Result "0-1"]
[WhiteElo "1700"]
[BlackElo "2022"]
[PlyCount "62"]
[EventDate "2009.05.29"]
[EventType "swiss"]
[EventRounds "7"]
[EventCountry "NED"]
[Source "P.Boonen"]
[SourceDate "2010.01.01"]

1. e4 g6 2. d4 Bg7 3. Nc3 c6 4. f4 d5 5. e5 h5 6. Nf3 Bg4 7. Bd3 Nh6 8. O-O e6
9. Qe1 Nf5 10. Ne2 Qb6 11. c3 c5 12. Ng3 Bxf3 13. Nxf5 gxf5 14. dxc5 Qxc5+ 15.
Be3 Qe7 16. Rxf3 Nd7 17. Qf2 b6 18. Bb5 Kf8 19. a4 Nc5 20. Bxc5 Qxc5 21. Qxc5+
bxc5 22. Be2 Rb8 23. Rb1 c4 24. Rff1 h4 25. g4 hxg3 26. hxg3 Ke7 27. Kg2 f6 28.
exf6+ Bxf6 29. Rfd1 Rb3 30. Rdc1 Rhb8 31. Bd1 Rxb2+ 0-1

[Event "ENCI Limburg-open B"]
[Site "Maastricht"]
[Date "2009.05.30"]
[Round "3"]
[White "Kloppenburg, Geert"]
[Black "Obels, Pepijn"]
[Result "0-1"]
[WhiteElo "1915"]
[BlackElo "1813"]
[PlyCount "66"]
[EventDate "2009.05.29"]
[EventType "swiss"]
[EventRounds "7"]
[EventCountry "NED"]
[Source "P.Boonen"]
[SourceDate "2010.01.01"]

1. d4 Nf6 2. Nf3 g6 3. Bg5 Bg7 4. Bxf6 Bxf6 5. c3 d6 6. Nbd2 O-O 7. h4 h5 8. e3
Bg7 9. Bd3 e5 10. Qb3 Kh8 11. Ng5 Qe8 12. dxe5 Bxe5 13. Bc4 Kg7 14. Ndf3 Nd7
15. O-O-O Nc5 16. Qa3 b5 17. Nxe5 bxc4 18. Nxc4 Bf5 19. Rd2 f6 20. f3 fxg5 21.
hxg5 Qe6 22. Rd4 Bd3 23. b3 Bxc4 24. Rxc4 Qxe3+ 25. Kb1 a5 26. Qb2 a4 27. Qc2
axb3 28. axb3 Ra3 29. Rxc5 dxc5 30. Rd1 Rfa8 31. Qb2 Ra1+ 32. Qxa1 Rxa1+ 33.
Kxa1 Qxc3+ 0-1

[Event "ENCI Limburg-open B"]
[Site "Maastricht"]
[Date "2009.05.30"]
[Round "3"]
[White "Kocur, Marc"]
[Black "Coenen, Bert"]
[Result "0-1"]
[WhiteElo "1887"]
[BlackElo "1782"]
[PlyCount "48"]
[EventDate "2009.05.29"]
[EventType "swiss"]
[EventRounds "7"]
[EventCountry "NED"]
[Source "P.Boonen"]
[SourceDate "2010.01.01"]

1. d4 Nf6 2. Nf3 e6 3. e3 c5 4. Nbd2 cxd4 5. exd4 b6 6. Bd3 Bb7 7. O-O Be7 8.
Qe2 O-O 9. b3 d5 10. Bb2 Nbd7 11. Rad1 Rc8 12. Ne5 Qc7 13. f4 Nxe5 14. dxe5 Ne4
15. c4 Nxd2 16. Rxd2 dxc4 17. Bxc4 Rfd8 18. f5 Rxd2 19. Qxd2 Rd8 20. Qc3 Bc5+
21. Kh1 Qc6 22. Qg3 Rd2 23. fxe6 Qxg2+ 24. Qxg2 Bxg2# 0-1

[Event "ENCI Limburg-open B"]
[Site "Maastricht"]
[Date "2009.05.30"]
[Round "3"]
[White "Kuciapa, Andre"]
[Black "Camps, Jeroen"]
[Result "0-1"]
[WhiteElo "1819"]
[BlackElo "1740"]
[PlyCount "106"]
[EventDate "2009.05.29"]
[EventType "swiss"]
[EventRounds "7"]
[EventCountry "NED"]
[Source "P.Boonen"]
[SourceDate "2010.01.01"]

1. e4 c5 2. Nf3 d6 3. d4 cxd4 4. Nxd4 Nf6 5. Nc3 a6 6. Be2 e5 7. Nb3 Be7 8. O-O
O-O 9. Be3 Be6 10. Bf3 Nbd7 11. Qe2 b5 12. Rfd1 Nb6 13. Nc5 Qc7 14. Nxe6 fxe6
15. a4 b4 16. Na2 a5 17. b3 Nbd7 18. c3 bxc3 19. Rac1 c2 20. Rxc2 Qb7 21. Qc4
Kf7 22. Qd3 Rfc8 23. Rdc1 Rxc2 24. Rxc2 Rc8 25. Rxc8 Qxc8 26. b4 axb4 27. Nxb4
Qc7 28. g3 Qa5 29. Qb5 Qxb5 30. axb5 d5 31. Nc6 d4 32. Bd2 Bd6 33. Ba5 Nc5 34.
Bb4 Nfd7 35. Bd1 Nxe4 36. Bxd6 Nxd6 37. b6 Kf6 38. Bb3 Nc5 39. Bd1 d3 40. Kf1
e4 41. Nd8 Ke5 42. b7 Ndxb7 43. Nxb7 Nxb7 44. Ke1 Kd4 45. Kd2 Na5 46. Bg4 Nc4+
47. Kc1 Kc3 48. Bd1 d2+ 49. Kb1 e3 50. fxe3 Nxe3 51. Bf3 d1=Q+ 52. Bxd1 Nxd1
53. Kc1 Nf2 0-1

[Event "ENCI Limburg-open B"]
[Site "Maastricht"]
[Date "2009.05.30"]
[Round "3"]
[White "Laarhoven, Marcel"]
[Black "Suilen, Willem"]
[Result "1/2-1/2"]
[WhiteElo "1872"]
[BlackElo "1754"]
[PlyCount "81"]
[EventDate "2009.05.29"]
[EventType "swiss"]
[EventRounds "7"]
[EventCountry "NED"]
[Source "P.Boonen"]
[SourceDate "2010.01.01"]

1. e4 e5 2. Nf3 Nc6 3. d4 exd4 4. Bc4 Nf6 5. O-O d5 6. exd5 Nxd5 7. Nxd4 Bc5 8.
Nxc6 bxc6 9. Re1+ Be6 10. Qf3 O-O 11. a3 Rb8 12. Bd3 Qh4 13. g3 Bg4 14. Qg2 Qf6
15. Nd2 Rfe8 16. Ne4 Qf5 17. Bf4 Nxf4 18. gxf4 Bd4 19. c3 Bb6 20. Nf6+ Qxf6 21.
Qxg4 Qd6 22. Rxe8+ Rxe8 23. Rd1 Qc5 24. Qf3 Re6 25. Bf5 Rd6 26. Rxd6 cxd6 27.
Qe2 g6 28. Be4 d5 29. Bg2 Qd6 30. Qd2 Bc7 31. a4 Qxf4 32. Qxf4 Bxf4 33. c4 dxc4
34. Bxc6 Be5 35. Bd5 Bxb2 36. Bxc4 Kg7 37. Kg2 h6 38. h3 f5 39. f3 Kf6 40. Bb5
Bd4 41. Be2 1/2-1/2

[Event "ENCI Limburg-open B"]
[Site "Maastricht"]
[Date "2009.05.30"]
[Round "3"]
[White "Lenaerts, Lennert"]
[Black "Herzet, Serge"]
[Result "0-1"]
[WhiteElo "1720"]
[BlackElo "1851"]
[PlyCount "86"]
[EventDate "2009.05.29"]
[EventType "swiss"]
[EventRounds "7"]
[EventCountry "NED"]
[Source "P.Boonen"]
[SourceDate "2010.01.01"]

1. d4 d5 2. Nf3 Nf6 3. e3 c6 4. c4 g6 5. Nc3 Bg7 6. Be2 O-O 7. b3 Nbd7 8. Bb2
Re8 9. Qc2 Nf8 10. Bd3 Bd7 11. Ne5 Rc8 12. Nxd7 Qxd7 13. cxd5 cxd5 14. Qe2 Red8
15. O-O Ne6 16. Bb5 Qd6 17. a4 a6 18. Bd3 Qb6 19. Bc2 Rc7 20. a5 Qc6 21. Rfc1
Qe8 22. Na4 Nd7 23. Bd3 Rdc8 24. Rxc7 Rxc7 25. Rc1 Qd8 26. Qd2 Kf8 27. Rxc7
Qxc7 28. Qc3 Qd8 29. Kf1 Qb8 30. Ke2 Ke8 31. g3 Kd8 32. Ba3 Nc7 33. Nc5 Qc8 34.
Qb4 Nxc5 35. Qxc5 Bf8 36. f3 Qh3 37. Qb6 Qxh2+ 38. Kd1 Kc8 39. e4 Qxg3 40. exd5
Qxf3+ 41. Kd2 Bh6+ 42. Kc2 Qe3 43. Bxe7 Qc1# 0-1

[Event "ENCI Limburg-open B"]
[Site "Maastricht"]
[Date "2009.05.30"]
[Round "3"]
[White "Liekens, Ronny"]
[Black "Heijenrath, Jan"]
[Result "1/2-1/2"]
[WhiteElo "1889"]
[BlackElo "1793"]
[PlyCount "81"]
[EventDate "2009.05.29"]
[EventType "swiss"]
[EventRounds "7"]
[EventCountry "NED"]
[Source "P.Boonen"]
[SourceDate "2010.01.01"]

1. e4 c5 2. Nf3 d6 3. d4 cxd4 4. Nxd4 Nf6 5. Nc3 a6 6. Be2 e6 7. O-O Be7 8. a4
O-O 9. Be3 Bd7 10. f4 Qc7 11. Qe1 Nc6 12. Qg3 Kh8 13. Nb3 Rac8 14. a5 Qb8 15.
Bf3 Nb4 16. Rfc1 e5 17. Qf2 Be6 18. Qd2 Bxb3 19. cxb3 Nc6 20. Na4 exf4 21. Bxf4
Ne5 22. Nb6 Rxc1+ 23. Rxc1 Rd8 24. Nd5 Nxd5 25. Qxd5 Qa7+ 26. Kf1 Bh4 27. Rc2
Bf6 28. Bg3 Qe3 29. Rc3 Qg5 30. Rc2 h5 31. Be1 Nxf3 32. gxf3 Qxd5 33. exd5 Re8
34. Rc7 Re7 35. Rc8+ Kh7 36. Bc3 Bg5 37. Rc4 Kg6 38. Kf2 f5 39. h4 Be3+ 40. Kf1
Kf7 41. Bb4 1/2-1/2

[Event "ENCI Limburg-open B"]
[Site "Maastricht"]
[Date "2009.05.30"]
[Round "3"]
[White "Maas, Joop"]
[Black "Goes, Dirk"]
[Result "1/2-1/2"]
[WhiteElo "1827"]
[BlackElo "1973"]
[PlyCount "46"]
[EventDate "2009.05.29"]
[EventType "swiss"]
[EventRounds "7"]
[EventCountry "NED"]
[Source "P.Boonen"]
[SourceDate "2010.01.01"]

1. d4 e6 2. Nf3 b6 3. Bg5 Be7 4. Bxe7 Qxe7 5. c3 Bb7 6. Nbd2 f5 7. e3 Nf6 8.
Bd3 d6 9. Qe2 Ne4 10. Rd1 O-O 11. Bc4 Kh8 12. Nf1 Nd7 13. Ba6 Bc6 14. Bb5 Bxb5
15. Qxb5 g5 16. Ng3 g4 17. Nd2 d5 18. Ndxe4 fxe4 19. Rd2 Qd6 20. Qe2 Nf6 21. h3
Rg8 22. hxg4 Nxg4 23. Nh5 Raf8 1/2-1/2

[Event "ENCI Limburg-open B"]
[Site "Maastricht"]
[Date "2009.05.30"]
[Round "3"]
[White "Moog, Gerhard"]
[Black "Kuck, Ulrich"]
[Result "0-1"]
[WhiteElo "1794"]
[BlackElo "1937"]
[PlyCount "62"]
[EventDate "2009.05.29"]
[EventType "swiss"]
[EventRounds "7"]
[EventCountry "NED"]
[Source "P.Boonen"]
[SourceDate "2010.01.01"]

1. e4 d5 2. exd5 Nf6 3. d4 Bg4 4. f3 Bf5 5. c4 e6 6. dxe6 Nc6 7. Be3 Bb4+ 8.
Nc3 O-O 9. d5 Ne5 10. Bd4 Qd6 11. Qd2 fxe6 12. O-O-O exd5 13. g4 Bg6 14. g5
Nfd7 15. Bxe5 Nxe5 16. Qxd5+ Qxd5 17. Nxd5 Bc5 18. Be2 c6 19. b4 Bxg1 20. Nf6+
gxf6 21. Rhxg1 fxg5 22. Rxg5 Nxf3 23. Rg3 Nh4 24. c5 Rad8 25. Bc4+ Kg7 26. Re1
Nf5 27. Rb3 Rfe8 28. Rxe8 Rxe8 29. b5 Nd4 30. Rb2 cxb5 31. Bxb5 Rc8 0-1